|
|
|
|
| LEADER |
00000naa2a2200000 4500 |
| 001 |
216493 |
| 005 |
20231031194240.0 |
| 035 |
|
|
|a (RuTPU)RU\TPU\book\236465
|
| 090 |
|
|
|a 216493
|
| 100 |
|
|
|a 20120525d1987 k y0rusy50 ca
|
| 101 |
0 |
|
|a rus
|
| 102 |
|
|
|a EE
|
| 200 |
1 |
|
|a Непрерывный источник эксимерной флуоресценции, основанный на смешении возбужденных газовых потоков
|f В. Т. Михкельсоо [и др.]
|
| 320 |
|
|
|a Библиогр.: с. 13 (8 назв.)
|
| 463 |
|
0 |
|0 (RuTPU)RU\TPU\book\236406
|t Физика лазеров и лазерная техника
|f Академия наук Эстонской ССР (АН ЭССР), Институт физики (ИФ)
|v С. 7-14
|d 1987
|p 216 с.
|s Труды института физики АН ЭССР ; Вып. 60
|
| 701 |
|
1 |
|a Михкельсоо
|b В. Т.
|
| 701 |
|
1 |
|a Трещалов
|b А. Б.
|
| 701 |
|
1 |
|a Пеэт
|b В. Э.
|
| 701 |
|
1 |
|a Ялвисте
|b Э. Х.
|
| 701 |
|
1 |
|a Сливинский
|b Е. В.
|
| 701 |
|
1 |
|a Белоконь
|b А. А.
|
| 701 |
|
1 |
|a Брайнин
|b Б. И.
|
| 701 |
|
1 |
|a Хритов
|b К. М.
|
| 801 |
|
1 |
|a RU
|b 63413507
|c 20120525
|
| 942 |
|
|
|c BK
|